| 000 | 004600000a22001810004500 | ||
|---|---|---|---|
| 003 | MACL | ||
| 005 | 20151219154906.0 | ||
| 008 | 151219b xxu||||| |||| 00| 0 eng d | ||
| 040 |
_aMACL _cMACL |
||
| 041 | _aEnglish | ||
| 082 | _a600.03/LAR | ||
| 100 |
_aLarousse _921505 |
||
| 245 | _aDictionary of Science and Technology | ||
| 260 |
_bAllied Chambers Ltd _c1995 _aNew Delhi |
||
| 350 | _a375 | ||
| 650 |
_aTechnology _921506 |
||
| 942 |
_cBK _k600.03/LAR _2ddc |
||
| 999 |
_c40314 _d40314 |
||